| 000 | 00773nam a2200253 i 4500 | ||
|---|---|---|---|
| 001 | 10191 | ||
| 003 | ES-MaACL | ||
| 005 | 20230906145834.0 | ||
| 007 | t| | ||
| 008 | 950315s1994 sp |||| | spa d | ||
| 020 | _a84-323-0843-9 | ||
| 080 | _a372(46)"1900/1923" | ||
| 100 | 1 |
_aCuesta Escudero, Pedro. _942057 |
|
| 245 | 1 | 3 |
_aLa escuela en la reestructuración de la sociedad española (1900-1923) / _cpor Pedro Cuesta Escudero. |
| 250 | _a1ª ed. | ||
| 260 |
_aMadrid : _bSiglo XXI de España, _c1994. |
||
| 300 |
_aXVIII,579 p. ; _c24 cm. |
||
| 490 | 1 | _aHistoria | |
| 504 | _aBibliografía: p. [551]-569. | ||
| 650 | 4 |
_aEnseñanza primaria- _zEspaña- _yS.XX. _9168652 |
|
| 830 | 0 |
_aHistoria _9177536 |
|
| 852 |
_aES-MaACL _jL-17687 |
||
| 999 |
_c10191 _d10191 |
||